[Event "Kerkinitida Cup Blitz"]
[Site "Evpatoria"]
[Date "2023.09.03"]
[Round "10"]
[White "Saidov, Bilukhadzh"]
[Black "Khripachenko, Alexander"]
[Result "0-1"]
[WhiteElo "2313"]
[BlackElo "2259"]
[PlyCount "52"]
[EventDate "2023.09.03"]
[EventType "swiss (blitz)"]
[EventRounds "13"]
[EventCountry "UKR"]
[SourceTitle "EXT 2024"]
[Source "ChessBase"]
[SourceDate "2023.10.10"]
[SourceVersion "1"]
[SourceVersionDate "2023.10.10"]
[SourceQuality "1"]

1. d4 d5 2. Nf3 Nf6 3. Bf4 c5 4. e3 Nc6 5. c3 e6 6. Nbd2 Nh5 7. Be5 f6 8. Bg3 g6 9. Qc2 cxd4 10. exd4 Bg7 11. Be2 0-0 12. 0-0 Nxg3 13. hxg3 Bd7 14. c4 Re8 15. Rfd1 Rc8 16. Rac1 Kh8 17. a3 Ne7 18. Qb3 Bc6 19. Nf1 Qd7 20. Qa2 Nf5 21. b4 dxc4 22. Bxc4 Rcd8 23. N1h2 Bh6 24. Rc2 e5 25. d5 Ne7 26. Ng4 Qxg4 0-1

[Event "Kerkinitida Cup Blitz"]
[Site "Evpatoria"]
[Date "2023.09.03"]
[Round "6"]
[White "Vastrukhin, Oleg"]
[Black "Saidov, Bilukhadzh"]
[Result "0-1"]
[WhiteElo "2343"]
[BlackElo "2313"]
[PlyCount "134"]
[EventDate "2023.09.03"]
[EventType "swiss (blitz)"]
[EventRounds "13"]
[EventCountry "UKR"]
[SourceTitle "EXT 2024"]
[Source "ChessBase"]
[SourceDate "2023.10.10"]
[SourceVersion "1"]
[SourceVersionDate "2023.10.10"]
[SourceQuality "1"]

1. Nf3 d5 2. g3 Nf6 3. Bg2 c5 4. 0-0 Nc6 5. d4 e6 6. c4 cxd4 7. Nxd4 Be7 8. cxd5 exd5 9. Nc3 0-0 10. b3 Bg4 11. Bb2 Qd7 12. Qd2 Rfd8 13. e3 Rac8 14. Rac1 Bh3 15. Rfd1 Bxg2 16. Kxg2 Bb4 17. Nxc6 bxc6 18. a3 Ba5 19. b4 Bb6 20. Qd3 Qe6 21. Na4 Ne4 22. Nxb6 axb6 23. h4 c5 24. Ba1 c4 25. Qd4 f6 26. f3 Nd6 27. Qxd5 Kf7 28. e4 b5 29. Rc2 Ne8 30. Qxe6+ Kxe6 31. Rcd2 Rxd2+ 32. Rxd2 Ra8 33. Bb2 Nd6 34. Kf2 g6 35. Ke3 c3 36. Bxc3 Nc4+ 37. Kd3 Nxd2 38. Kxd2 Rxa3 39. f4 f5 40. e5 Kd5 41. Kd3 Ra2 42. Ke3 Kc4 43. Be1 Ra3+ 44. Kf2 Kd3 45. Kf3 Kd4+ 46. Kg2 Ke4 47. Bf2 Ra2 48. e6 Kd5 49. e7 Re2 50. h5 Rxe7 51. hxg6 hxg6 52. Kh3 Rh7+ 53. Kg2 Ke4 54. Bc5 Rd7 55. Kh3 Rh7+ 56. Kg2 Kd3 57. Kf3 Rh2 58. Be7 Rb2 59. g4 Kc4 60. Kg3 Rxb4 61. Kh4 Rb1 62. gxf5 gxf5 63. Kg5 b4 64. Kxf5 b3 65. Bf6 Kd5 66. Be5 Re1 67. Bf6 Re2 0-1

[Event "Kerkinitida Cup Rapid"]
[Site "Evpatoria"]
[Date "2023.09.02"]
[Round "11"]
[White "Saidov, Bilukhadzh"]
[Black "Smirnov, Pavel"]
[Result "1/2-1/2"]
[WhiteElo "2309"]
[BlackElo "2538"]
[PlyCount "60"]
[EventDate "2023.08.31"]
[EventType "swiss (rapid)"]
[EventRounds "11"]
[EventCountry "UKR"]
[SourceTitle "EXT 2024"]
[Source "ChessBase"]
[SourceDate "2023.10.10"]
[SourceVersion "1"]
[SourceVersionDate "2023.10.10"]
[SourceQuality "1"]

1. d4 d5 2. Bf4 Nf6 3. e3 Bf5 4. Bd3 Bxd3 5. Qxd3 Nbd7 6. Nf3 e6 7. 0-0 c5 8. c4 cxd4 9. Qxd4 Bc5 10. Qd3 Rc8 11. cxd5 Nxd5 12. Bg5 Be7 13. Bxe7 Qxe7 14. Nbd2 0-0 15. Rac1 Nc5 16. Qa3 b5 17. Qa5 Qb7 18. Nb3 Ne4 19. Nfd4 a6 20. Rfd1 h6 21. Qe1 Rxc1 22. Rxc1 Rc8 23. Rxc8+ Qxc8 24. Qb1 Nd6 25. Qc1 Qxc1+ 26. Nxc1 e5 27. Nc6 f6 28. Nd3 Kf7 29. Nc5 Nc7 30. Kf1 Ke8 1/2-1/2

[Event "Dzhubga op"]
[Site "Dzhubga"]
[Date "2023.08.07"]
[Round "7"]
[White "Zakaryan, David"]
[Black "Saidov, Bilukhadzh"]
[Result "1/2-1/2"]
[WhiteElo "2296"]
[BlackElo "2309"]
[PlyCount "73"]
[EventDate "2023.08.01"]
[EventType "swiss"]
[EventRounds "9"]
[EventCountry "RUS"]
[SourceTitle "EXT 2024"]
[Source "ChessBase"]
[SourceDate "2023.10.10"]
[SourceVersion "1"]
[SourceVersionDate "2023.10.10"]
[SourceQuality "1"]

1. e4 c5 2. Nf3 Nf6 3. e5 Nd5 4. Nc3 e6 5. Ne4 Nc6 6. c4 f5 7. cxd5 fxe4 8. dxc6 exf3 9. Qxf3 dxc6 10. Bd3 Qd5 11. Qh5+ Kd7 12. Qe2 Qxg2 13. Be4 Qh3 14. d3 Kc7 15. Be3 Qh4 16. Rc1 Bd7 17. Rc4 Qd8 18. Rxc5 Bxc5 19. Bxc5 b6 20. Bd6+ Kb7 21. Rg1 g6 22. Qf3 Qh4 23. b4 Qh6 24. Qf7 Qc1+ 25. Ke2 Qb2+ 26. Ke3 Rad8 27. a4 Ka6 28. b5+ cxb5 29. axb5+ Kxb5 30. d4 Ka6 31. Rd1 Qc3+ 32. Rd3 Qe1+ 33. Kf3 Qh1+ 34. Ke3 Qe1+ 35. Kf3 Qh1+ 36. Ke3 Qe1+ 37. Kf3 1/2-1/2

[Event "RUS-ch Rapid"]
[Site "Sochi"]
[Date "2022.10.15"]
[Round "2"]
[White "Savchenko, Boris"]
[Black "Saidov, Bilukhadzh"]
[Result "1-0"]
[WhiteElo "2550"]
[BlackElo "2323"]
[PlyCount "83"]
[EventDate "2022.10.15"]
[EventType "swiss (rapid)"]
[EventRounds "11"]
[EventCountry "RUS"]
[SourceTitle "CBM 210 Extra"]
[Source "ChessBase"]
[SourceDate "2022.11.30"]
[SourceVersion "1"]
[SourceVersionDate "2022.11.30"]
[SourceQuality "1"]

1. c4 e6 2. g3 d5 3. Bg2 Nf6 4. Nf3 c5 5. 0-0 Nc6 6. cxd5 exd5 7. d4 cxd4 8. Nxd4 Be7 9. Nc3 0-0 10. Be3 Bg4 11. Qa4 Qd7 12. Rfd1 Bh3 13. Rac1 Bxg2 14. Kxg2 Rfd8 15. h3 h6 16. Qc2 Rac8 17. Qf5 Qe8 18. Nxc6 bxc6 19. Bxa7 Bb4 20. Bb6 Rd6 21. Nb5 Rd7 22. Bd4 Ne4 23. Na7 Rxa7 24. Bxa7 Ra8 25. a3 Bd2 26. Bd4 Bxc1 27. Rxc1 Ng5 28. e3 Ne6 29. Be5 c5 30. Qg4 Ra4 31. b4 Ng5 32. f4 Rxa3 33. Rxc5 Ra2+ 34. Kf1 Ne6 35. h4 Qa8 36. Bxg7 h5 37. Qxh5 Nxg7 38. Qxd5 Qe8 39. Qxa2 Qxe3 40. Rc8+ Kh7 41. Qc2+ f5 42. Rc3 1-0

[Event "RUS-ch Blitz"]
[Site "Sochi"]
[Date "2022.10.14"]
[Round "4"]
[White "Saidov, Bilukhadzh"]
[Black "Petrov, Nikita"]
[Result "0-1"]
[WhiteElo "2323"]
[BlackElo "2553"]
[PlyCount "62"]
[EventDate "2022.10.14"]
[EventType "swiss (blitz)"]
[EventRounds "13"]
[EventCountry "RUS"]
[SourceTitle "CBM 210 Extra"]
[Source "ChessBase"]
[SourceDate "2022.11.30"]
[SourceVersion "1"]
[SourceVersionDate "2022.11.30"]
[SourceQuality "1"]

1. d4 Nf6 2. Bg5 d5 3. Bxf6 exf6 4. e3 Bd6 5. c4 dxc4 6. Bxc4 f5 7. Nf3 0-0 8. 0-0 c6 9. Nc3 Nd7 10. Rc1 Nf6 11. Qb3 Qe7 12. Rfd1 Ne4 13. d5 c5 14. Nb5 Bb8 15. a4 a6 16. Nc3 Bd6 17. Bf1 Bd7 18. Nxe4 fxe4 19. Nd2 b5 20. Qc2 f5 21. Nb3 Rac8 22. Na5 f4 23. axb5 fxe3 24. fxe3 axb5 25. Nc6 Qg5 26. Qxe4 Rce8 27. Qd3 Rxe3 28. Qc2 Bf5 29. Qd2 Be4 30. Rc3 Bf4 31. Kh1 Qh4 0-1

[Event "Rostov on Don rapid GP Stage 28th"]
[Site "Rostov on Don"]
[Date "2021.10.30"]
[Round "10"]
[White "Alekseev, Evgeny V"]
[Black "Saidov, Bilukhadzh"]
[Result "1-0"]
[WhiteElo "2602"]
[BlackElo "2301"]
[PlyCount "56"]
[EventDate "2021.10.29"]
[EventType "swiss"]
[EventRounds "11"]
[EventCountry "RUS"]
[SourceTitle "CBM 204 Extra"]
[Source "ChessBase"]
[SourceDate "2021.11.30"]
[SourceVersion "1"]
[SourceVersionDate "2021.11.30"]
[SourceQuality "1"]

1. Nf3 d5 2. e3 c5 3. b3 Nf6 4. Bb2 e6 5. d4 Bd6 6. Bd3 0-0 7. 0-0 Nc6 8. Nbd2 Qe7 9. c4 cxd4 10. exd4 b6 11. a3 Bb7 12. Re1 Rfd8 13. Nf1 Rac8 14. Ne3 Bf4 15. Rc1 Qf8 16. Rb1 h6 17. g3 Bxe3 18. Rxe3 dxc4 19. bxc4 Na5 20. Rc1 Ng4 21. Re1 Qd6 22. d5 Nxf2 23. Kxf2 exd5 24. Bf5 Rxc4 25. Qe2 Bc6 26. Qe5 Qf8 27. Qe7 d4 28. Qxf8+ Kxf8 1-0

[Event "Chigorin Memorial 27th"]
[Site "St Petersburg"]
[Date "2019.10.11"]
[Round "7"]
[White "Saidov, Bilukhadzh"]
[Black "Skuratovich, Yakov"]
[Result "1/2-1/2"]
[WhiteElo "2260"]
[BlackElo "2097"]
[PlyCount "109"]
[EventDate "2019.10.05"]
[EventType "swiss"]
[EventRounds "9"]
[EventCountry "RUS"]
[SourceTitle "EXT 2021"]
[Source "ChessBase"]
[SourceDate "2020.10.23"]
[SourceVersion "1"]
[SourceVersionDate "2020.10.23"]
[SourceQuality "1"]

1. d4 d5 2. Nf3 e6 3. Bf4 c6 4. Nbd2 f5 5. e3 Nf6 6. Bd3 Be7 7. 0-0 Nbd7 8. h3 0-0 9. c4 Ne4 10. Ne5 g5 11. Bh2 Nxd2 12. Qxd2 Nxe5 13. Bxe5 Bf6 14. Bh2 Kh8 15. Qc2 Bg7 16. b4 Bd7 17. Rab1 Qe8 18. Bd6 Rf7 19. Be2 Rf6 20. Rfc1 Rh6 21. a4 Rc8 22. Qb2 Qg6 23. b5 g4 24. Bf4 gxh3 25. g3 Rh4 26. bxc6 bxc6 27. Qb7 Rxf4 28. exf4 Bxd4 29. Rb3 Qg7 30. Rd3 Rg8 31. c5 e5 32. Qb4 Bc8 33. Qd2 Re8 34. Bf1 exf4 35. Rxd4 fxg3 36. Bxh3 f4 37. Rxf4 Bxh3 38. Qd4 Qxd4 39. Rxd4 gxf2+ 40. Kxf2 Bf5 41. Rc3 Be4 42. Rb3 Re7 43. Rb8+ Kg7 44. Rc8 Kf6 45. Rxc6+ Ke5 46. Rb4 Rg7 47. Rc8 Rg2+ 48. Kf1 Rc2 49. Ke1 a5 50. Rb5 d4 51. c6+ Kf4 52. c7 d3 53. Rb3 Rc1+ 54. Kd2 Rc2+ 55. Ke1 1/2-1/2

[Event "Chigorin Memorial 27th"]
[Site "St Petersburg"]
[Date "2019.10.09"]
[Round "5"]
[White "Saidov, Bilukhadzh"]
[Black "Miroshnik, Ekaterina"]
[Result "1-0"]
[WhiteElo "2260"]
[BlackElo "2089"]
[PlyCount "114"]
[EventDate "2019.10.05"]
[EventType "swiss"]
[EventRounds "9"]
[EventCountry "RUS"]
[SourceTitle "EXT 2020"]
[Source "ChessBase"]
[SourceDate "2019.10.17"]
[SourceVersion "1"]
[SourceVersionDate "2019.10.17"]
[SourceQuality "1"]

1. d4 d5 2. Bf4 Nf6 3. e3 e6 4. Nf3 c5 5. c3 Nc6 6. Nbd2 Bd6 7. Bg3 0-0 8. Bb5 Ne7 9. Bd3 cxd4 10. exd4 b6 11. Qe2 Bb7 12. 0-0 Bxg3 13. hxg3 Nc8 14. Ne5 Nd6 15. f3 Nh5 16. Qe1 Qg5 17. g4 Nf4 18. Bc2 Ba6 19. g3 Ng6 20. f4 Qe7 21. Rf2 Nxe5 22. fxe5 Nc4 23. Nf3 f5 24. gxf5 exf5 25. Bd3 Bc8 26. Qc1 Rb8 27. Nh4 g6 28. Qh6 b5 29. Raf1 Rb6 30. Nf3 Qg7 31. Qc1 Qe7 32. Rh2 h5 33. Nh4 Kg7 34. Ng2 Be6 35. Nf4 Bg8 36. Be2 Rc6 37. Bf3 Nb6 38. Qd2 a6 39. Qg2 Qd8 40. a3 Bf7 41. Qe2 Qe7 42. Qe3 Bg8 43. e6 Nc4 44. Qc1 Bxe6 45. Re1 Qf6 46. Bxh5 Bf7 47. Bxg6 Bxg6 48. Nxd5 Qd6 49. Re7+ Bf7 50. Ne3 Nxe3 51. Qxe3 Qg6 52. Qe5+ Qf6 53. Qe3 Re6 54. Rxe6 Qxe6 55. Qg5+ Qg6 56. Qh4 Re8 57. Qf4 Re4 1-0